| 000 | 00654nam a2200217 a 4500 | ||
|---|---|---|---|
| 001 | 3094 | ||
| 003 | CDMR | ||
| 005 | 20131121140022.0 | ||
| 008 | 130130s1984||||||||||||||||||||||||||||d | ||
| 020 | _a950582095X | ||
| 040 |
_aCDMR _bcat _cCDMR |
||
| 100 | 1 |
_aAnder-Egg, Ezequiel _92257 |
|
| 245 | 1 | 0 |
_aPeriodismo popular _cEzequiel Ander-Egg |
| 260 |
_aBuenos Aires _c1984 _bHumanitas |
||
| 300 |
_a108 p. _bil. b/n |
||
| 490 |
_aInstrumentos Operativos del Trabajo Social _v21 |
||
| 500 | _aObras completas de Ezequiel Ander Egg sobre Trabajo Social | ||
| 650 | 0 | 4 |
_94374 _aPeriodisme _xManuals, guies, etc |
| 650 | 0 | 4 |
_93547 _aAutoedició |
| 942 |
_cMON _2udc |
||
| 999 |
_c3094 _d3094 |
||